<?xml version="1.0" encoding="UTF-8"?>
<collection xmlns="http://www.loc.gov/MARC21/slim">
 <record>
  <leader>00558pamaa2200157   4500</leader>
  <controlfield tag="001">0000017962</controlfield>
  <controlfield tag="005">20140227090000.0</controlfield>
  <datafield tag="020" ind1="0" ind2="0">
   <subfield code="a">0419176209 </subfield>
  </datafield>
  <datafield tag="082" ind1=" " ind2=" ">
   <subfield code="a">624.1771 ARY 1994</subfield>
  </datafield>
  <datafield tag="090" ind1="0" ind2="0">
   <subfield code="a">TA658 </subfield>
   <subfield code="b">ARY 1994</subfield>
  </datafield>
  <datafield tag="100" ind1="1" ind2="0">
   <subfield code="a">Arya </subfield>
  </datafield>
  <datafield tag="245" ind1="1" ind2="0">
   <subfield code="a">Design of structural elements : </subfield>
   <subfield code="b">concrete, steelwork, masonry and timber disign to British Standards and Eurocodes  </subfield>
   <subfield code="c">Chanakya Arya.</subfield>
  </datafield>
  <datafield tag="260" ind1="0" ind2="0">
   <subfield code="a">London: </subfield>
   <subfield code="b">E &amp; FN Spon, </subfield>
   <subfield code="c">1994.</subfield>
  </datafield>
  <datafield tag="300" ind1=" " ind2=" ">
   <subfield code="a">xv, 360p.: </subfield>
   <subfield code="b">25cm.</subfield>
  </datafield>
  <datafield tag="650" ind1="0" ind2="0">
   <subfield code="a">Structural design -- </subfield>
   <subfield code="x">Standards -- </subfield>
   <subfield code="x">Great Britain </subfield>
  </datafield>
  <datafield tag="650" ind1="0" ind2="0">
   <subfield code="a">Structural design -- </subfield>
   <subfield code="x">Standards -- </subfield>
   <subfield code="x">Europe </subfield>
  </datafield>
 </record>
</collection>
